Proticyklické nástroje bankovej regulácie vo vybraných štátoch eurozóny diplomová práca

Salvato in:
Dettagli Bibliografici
Autore principale: Sárközi, Viliam
Ente Autore: Národohospodárska fakulta EU. Katedra bankovníctva a medzinárodných financií
Altri autori: Horvátová, Eva, 1958-
Natura: Libro
Lingua:slovacco
Pubblicazione: Bratislava 2025
Tags: Aggiungi Tag
Nessun Tag, puoi essere il primo ad aggiungerne!!

MARC

LEADER 00000nbm a2200000 4500
001 0309393
005 20251006115007.7
041 0 |a slo 
044 |a SK 
245 1 0 |a Proticyklické nástroje bankovej regulácie vo vybraných štátoch eurozóny  |b diplomová práca  |c Viliam Sárközi ; školiteľ: Eva Horvátová 
264 1 |a Bratislava  |c 2025 
300 |a 70 s. 
100 1 |a Sárközi, Viliam 
700 1 |a Horvátová, Eva, 1958- 
710 2 |a Národohospodárska fakulta EU. Katedra bankovníctva a medzinárodných financií